| 000 | 01192nam a2200337 4500 | ||
|---|---|---|---|
| 003 | OSt | ||
| 005 | 20260601193843.0 | ||
| 008 | 260508b2002 SER||||| |||| 00| 0 eng d | ||
| 020 | _a9064504571 | ||
| 040 |
_aICI _bSPA _cICI |
||
| 050 |
_aNK1390 _bD76 |
||
| 245 | 1 |
_aDroog Design in Context / _bless + more / |
|
| 264 |
_aRotterdam : _bOIO Publishers, _c2002. |
||
| 300 |
_a223 páginas _bilustraciones a color |
||
| 336 |
_atexto _2rdacontent |
||
| 337 |
_asin medio _2rdamedia |
||
| 338 |
_avolumen _2rdacarrier |
||
| 500 | _aObra dedicada al diseño contemporáneo neerlandés y la filosofía de diseño del colectivo Droog Design. | ||
| 650 |
_aDiseño industrial _zPaíses Bajos. _930990 |
||
| 650 | _aDiseño contemporáneo. | ||
| 650 | _aArtes decorativas modernas. | ||
| 650 | _aDiseño de mobiliario. | ||
| 650 | _aEstética industrial. | ||
| 650 |
_aDiseño neerlandés. _930995 |
||
| 650 |
_aMinimalismo en el diseño. _930996 |
||
| 700 |
_aRamakers, Renny, _eeditor. _930997 |
||
| 700 |
_aEntius, Vivien _easistente editorial. _930998 |
||
| 700 |
_aHonold, Astrid _easistente editorial. _930999 |
||
| 700 |
_aaKirkpatrick, John, _etraductor. _931000 |
||
| 942 |
_2lcc _cB _n1 |
||
| 999 |
_c21512 _d21512 |
||